Štátny rozpočet Slovenskej republiky v roku 2000
Gespeichert in:
| Weitere Verfasser: | , |
|---|---|
| Format: | Buch |
| Sprache: | Slowakisch |
| Veröffentlicht: |
Bratislava
Ministerstvo financií SR
2000
|
| Schlagworte: | |
| Tags: |
Keine Tags, Fügen Sie das erste Tag hinzu!
|
MARC
| LEADER | 00000nam a2200000 4500 | ||
|---|---|---|---|
| 001 | c117925 | ||
| 005 | 20221108092551.8 | ||
| 041 | 0 | |a slo | |
| 044 | |a SK | ||
| 245 | 1 | 0 | |a Štátny rozpočet Slovenskej republiky v roku 2000 |c [spracovali: Ivan Podstupka, Rado Baťo] |
| 264 | 1 | |a Bratislava |b Ministerstvo financií SR |c 2000 | |
| 300 | |a 86 s. | ||
| 610 | 2 | 0 | |a rozpočty |
| 610 | 2 | 0 | |a rozpočet štátny |
| 610 | 2 | 0 | |a zákony |
| 610 | 2 | 0 | |a príjmy rozpočtu štátneho |
| 610 | 2 | 0 | |a výdavky |
| 610 | 2 | 0 | |a financie verejné |
| 610 | 2 | 0 | |a Slovensko |
| 610 | 2 | 0 | |a marec |
| 610 | 2 | 0 | |a 2000 |
| 700 | 1 | |a Podstupka, Ivan | |
| 700 | 1 | |a Baťo, Rado | |